Sculptures by Antonio Canova - Statistics

General Stats
  • This quiz has been taken 12 times
  • The average score is 3 of 11
Answer Stats
Picture Answer % Correct
The Three Graces
82%
Pauline Bonaparte
64%
Amor and Psyche
45%
Penitent Magdalene
18%
Adonis and Venus
9%
Daedalus and Icarus
9%
Funerary Monument to Maria Christina of Austria
9%
Hebe
9%
Hercules and Lychas
9%
Theseus and the Minotaur
9%
Endymion Sleeping
0%
No matching quizzes found
Score Distribution
Percent of People with Each Score
Percentile by Number Answered
Your Score History
You have not taken this quiz